Tratado de Derecho de Familia : relaciones personales y patrimoniales de pareja / Tomo II.

Guardado en:
Otros Autores: Di Tullio, Rosana, (coord.), Radyk, Elena, (coord.)
Formato: Libro
Idioma:Spanish
Publicado: Ciudad Autónoma de Buenos Aires : La Ley, 2015.
Edición:1a. ed.
Materias:
Etiquetas: Agregar Etiqueta
Sin Etiquetas, Sea el primero en etiquetar este registro!
LEADER 00640nam a22001815a 4500
001 DER.der012998
008 180615s2015####|||||||||||||||||#||spa||
005 20231113093412.0
245 1 0 |a Tratado de Derecho de Familia :  |b relaciones personales y patrimoniales de pareja /  |c Adriana N. Krasnow.  |p Tomo II. 
250 |a 1a. ed. 
260 |a Ciudad Autónoma de Buenos Aires :  |b La Ley,  |c 2015. 
300 |a 950 p. 
020 |a 978-987-03-2892-6 
100 1 |a Krasnow, Adriana N.,  |e dir. 
700 1 |a Di Tullio, Rosana,  |e coord. 
700 1 |a Radyk, Elena,  |e coord. 
650 7 |a DERECHO DE FAMILIA 
859 |a DERECHO  |b BIB. DERECHO  |h 346.015  |i KRA  |p 007868  |3 Tomo II